UBT Library

20 common problems in primary care / (Record no. 41286)

000 -LEADER
fixed length control field 00849cam a2200277 a 4500
001 - CONTROL NUMBER
control field 1671170
005 - DATE AND TIME OF LATEST TRANSACTION
control field 20180130071220.0
008 - FIXED-LENGTH DATA ELEMENTS--GENERAL INFORMATION
fixed length control field 980617s1999 nyua b 001 0 eng c
010 ## - LIBRARY OF CONGRESS CONTROL NUMBER
LC control number 98029864
020 ## - INTERNATIONAL STANDARD BOOK NUMBER
International Standard Book Number 0070696098
040 ## - CATALOGING SOURCE
Original cataloging agency DNLM/DLC
Transcribing agency DLC
Modifying agency DLC
041 ## - LANGUAGE CODE
Language code of text/sound track or separate title eng
060 #0 - NATIONAL LIBRARY OF MEDICINE CALL NUMBER
Classification number WB110 Z2 1999
080 ## - UNIVERSAL DECIMAL CLASSIFICATION NUMBER
Universal Decimal Classification number 616 WEI
082 00 - DEWEY DECIMAL CLASSIFICATION NUMBER
Classification number 616 WEI
Edition number 21
100 ## - Rafti
Rafti 8
101 ## - Shkurtesa
Shkurtesa OFT
245 00 - TITLE STATEMENT
Title 20 common problems in primary care /
Statement of responsibility, etc editor, Barry D. Weiss.
246 3# - VARYING FORM OF TITLE
Title proper/short title Twenty common problems in primary care
246 3# - VARYING FORM OF TITLE
Title proper/short title Primary care
504 ## - BIBLIOGRAPHY, ETC. NOTE
Bibliography, etc Includes bibliographical references and index.
906 ## - LOCAL DATA ELEMENT F, LDF (RLIN)
a 7
b cbc
c orignew
d 1
e ocip
f 19
g y-gencatlg
942 ## - ADDED ENTRY ELEMENTS (KOHA)
Source of classification or shelving scheme
Item type Books
Holdings
Withdrawn status Lost status Source of classification or shelving scheme Damaged status Not for loan Collection code Permanent location Current location Shelving location Date acquired Total Checkouts Full call number Barcode Date last seen Price effective from Koha item type
          Koleksioni i përgjithshem UBT - Lipjan UBT - Lipjan Koleksioni i përgjithshem 01/30/2018   616 WEI 002-2997062 01/30/2018 01/30/2018 Books
UBT Library © 2015-2024. All rights reserved University Education for Business and Technology